[Event "11th Vellmar Open 2019"]
[Site "Vellmar GER"]
[Date "2019.07.05"]
[Round "2.41"]
[White "Blaschke,Henri Johannes"]
[Black "Ruhl,Marcel"]
[Result "0-1"]
[WhiteElo "1846"]
[BlackElo "1653"]
[WhiteFideId "12995320"]
[BlackFideId "12960195"]
[EventDate "2019.07.04"]

1. d4 d5 2. c4 e6 3. Nf3 Nf6 4. g3 Be7 5. Bg2 O-O 6. O-O dxc4 7. Qc2 b5 8. a4
bxa4 9. Rxa4 Bd7 10. Ra1 Bc6 11. Qxc4 Bd5 12. Qa4 Nbd7 13. Nc3 Nb6 14. Qc2 Bb7
15. Bf4 Nbd5 16. Nxd5 Nxd5 17. Rfc1 Nxf4 18. gxf4 Bd6 19. Ng5 g6 20. Bxb7 Bxf4
21. Nf3 Rb8 22. Qc6 Bxc1 23. Rxc1 Qd6 24. Qxd6 cxd6 25. Rc7 h6 26. Nd2 f5 27.
Nc4 Rf7 28. Rc8+ Rf8 29. Rc7 Rf7 30. Rc8+ Rf8 31. Nxd6 Rfxc8 32. Bxc8 Kf8 33.
Bb7 Ke7 34. Nc8+ Kd7 35. Ba6 Rxc8 36. Bxc8+ Kxc8 37. Kg2 Kd7 38. Kf3 Kd6 39. Ke3
Kd5 40. Kd3 g5 41. f3 f4 42. e4+ fxe3 43. Kxe3 e5 44. dxe5 Kxe5 45. Kd3 0-1

[Event "11th Vellmar Open 2019"]
[Site "Vellmar GER"]
[Date "2019.07.05"]
[Round "2.42"]
[White "Lehmann,Nils"]
[Black "Meyer,Marcel"]
[Result "1/2-1/2"]
[WhiteElo "1626"]
[BlackElo "1796"]
[WhiteFideId "12982610"]
[BlackFideId "12997234"]
[EventDate "2019.07.04"]

1. e4 c6 2. d4 d5 3. Nc3 dxe4 4. Nxe4 Bf5 5. Ng3 Bg6 6. Nf3 e6 7. c3 Qc7 8. Ne5
Nf6 9. Bf4 Bd6 10. Nxg6 hxg6 11. Bxd6 Qxd6 12. Qf3 Nbd7 13. Bc4 g5 14. O-O-O
Qf4+ 15. Qxf4 gxf4 16. Ne2 Ng4 17. Rdf1 g5 18. h3 Ngf6 19. Bd3 O-O-O 20. Kb1 Kb8
21. Nc1 c5 22. Nb3 cxd4 23. Nxd4 Nc5 24. Bc2 Nce4 25. Kc1 g4 26. Bxe4 Nxe4 27.
hxg4 Rxh1 28. Rxh1 Nxf2 29. Rf1 Nd3+ 30. Kc2 Nc5 31. Rxf4 e5 32. Rf5 exd4 33.
Rxc5 dxc3 34. Kxc3 Rd1 35. Rf5 Rg1 36. Rxf7 Rxg2 37. Rg7 Rg3+ 38. Kb4 Rg2 39.
Ka3 a5 40. g5 Ka7 41. Kb3 Kb6 42. a3 Kc6 43. g6 b5 44. Rg8 Rg3+ 45. Ka2 Kb6 46.
g7 Kb7 47. Kb1 1/2-1/2

[Event "11th Vellmar Open 2019"]
[Site "Vellmar GER"]
[Date "2019.07.05"]
[Round "2.43"]
[White "Powalla,Christian"]
[Black "Silini,Jalel"]
[Result "1-0"]
[WhiteElo "1816"]
[BlackElo "1650"]
[WhiteFideId "24658413"]
[BlackFideId "16215397"]
[EventDate "2019.07.04"]

1. e4 e5 2. Nf3 Nc6 3. Bc4 Bc5 4. b4 Bd6 5. c3 Nf6 6. d3 h6 7. O-O O-O 8. Re1 b6
9. Nbd2 Bb7 10. Nf1 Ne7 11. Ng3 c6 12. d4 Ng6 13. h4 Qb8 14. Nf5 exd4 15. Nxd6
Qxd6 16. e5 Qe7 17. exf6 Qxf6 18. h5 Nf4 19. Bxf4 Qxf4 20. Qxd4 Qc7 21. Re7 Rae8
22. Bxf7+ 1-0

[Event "11th Vellmar Open 2019"]
[Site "Vellmar GER"]
[Date "2019.07.05"]
[Round "2.44"]
[White "Maas,Kolja"]
[Black "Rouditser,Benjamin"]
[Result "0-1"]
[WhiteElo "1571"]
[BlackElo "1815"]
[WhiteFideId "16220420"]
[BlackFideId "12987069"]
[EventDate "2019.07.04"]

1. e4 c6 2. d4 d5 3. Nc3 dxe4 4. Nxe4 Bf5 5. Ng3 Bg6 6. Nf3 Nd7 7. Bf4 Qb6 8. b3
e6 9. c3 Ngf6 10. Bd3 Ba3 11. Qc2 Nd5 12. Bd2 O-O 13. O-O Rfc8 14. c4 Nb4 15.
Bxb4 Qxb4 16. Ng5 Nf8 17. f4 Qd6 18. Ne2 Bc5 19. Nf3 Bxd3 20. Qxd3 Rd8 21. Qe3
Bb4 22. a3 Ba5 23. b4 Bc7 24. Ng5 a5 25. Ne4 Qe7 26. Nc5 axb4 27. axb4 b6 28.
Na6 Bd6 29. c5 Bc7 30. Nxc7 Qxc7 31. Ra3 bxc5 32. bxc5 Rxa3 33. Qxa3 Qb7 34. Ra1
Ng6 35. Qa6 Qb2 36. Ra2 Qb1+ 37. Kf2 Qe4 38. Qb6 Rf8 39. Qc7 Nh4 40. Ra6 Qxg2+
41. Ke3 Nf5+ 0-1

[Event "11th Vellmar Open 2019"]
[Site "Vellmar GER"]
[Date "2019.07.05"]
[Round "2.45"]
[White "Bornholdt,Joa Max"]
[Black "Azizov,Fariz"]
[Result "1-0"]
[WhiteElo "1710"]
[BlackElo "1458"]
[WhiteFideId "16253477"]
[BlackFideId "16218132"]
[EventDate "2019.07.04"]

1. d4 Nf6 2. Nf3 g6 3. c4 Bg7 4. Nc3 d5 5. Bg5 c6 6. e3 O-O 7. Qb3 dxc4 8. Bxc4
b5 9. Bd3 a6 10. a4 Bb7 11. Bxf6 Bxf6 12. Ne4 Bg7 13. Nc5 Qc8 14. O-O Nd7 15.
Rfc1 Nxc5 16. Rxc5 Qd7 17. Rac1 Rac8 18. Be4 e6 19. Qc2 Qe7 20. Bxc6 Bxc6 21.
Rxc6 Rxc6 22. Qxc6 Qb4 23. axb5 axb5 24. Qc3 Qd6 25. Qc5 Qa6 26. h4 h5 27. Ne5
Bxe5 28. Qxe5 b4 29. Qc5 b3 30. Qc4 Qa2 31. Qc3 Qa4 32. Rd1 Rb8 33. Rd3 Qa1+ 34.
Kh2 Qf1 35. Qd2 Ra8 36. Rxb3 Ra1 37. Qc2 Qh1+ 38. Kg3 g5 39. Qe4 Rg1 40. Rb8+
Kg7 41. Qe5+ f6 42. Rb7+ 1-0

[Event "11th Vellmar Open 2019"]
[Site "Vellmar GER"]
[Date "2019.07.05"]
[Round "2.46"]
[White "Warter,Simon"]
[Black "Wachsmann,Elmar"]
[Result "0-1"]
[WhiteElo "1565"]
[BlackElo "1784"]
[WhiteFideId "16223080"]
[BlackFideId "12973947"]
[EventDate "2019.07.04"]

1. e4 e5 2. Nf3 Nc6 3. Bc4 Nf6 4. Ng5 d5 5. exd5 Na5 6. Bb5+ c6 7. dxc6 bxc6 8.
Qf3 Be7 9. Ba4 O-O 10. O-O Nd5 11. Ne4 f5 12. Nec3 e4 13. Qe2 Nf4 14. Qd1 Bd6
15. Ne2 Nxg2 16. Kxg2 Qh4 17. Ng3 g6 18. Qe1 f4 19. Kh1 fxg3 20. fxg3 Bxg3 21.
Rxf8+ Kxf8 22. Qxg3 Qh5 23. Qf2+ Kg8 24. Nc3 Bh3 25. Ne2 Rf8 26. Qe3 Rf1+ 27.
Ng1 Qf3+ 0-1

[Event "11th Vellmar Open 2019"]
[Site "Vellmar GER"]
[Date "2019.07.05"]
[Round "3.1"]
[White "Boder,Jan"]
[Black "Schnepp,G"]
[Result "1/2-1/2"]
[BlackTitle "FM"]
[WhiteElo "2116"]
[BlackElo "2292"]
[WhiteFideId "16243226"]
[BlackFideId "1604503"]
[EventDate "2019.07.04"]

1. b3 e5 2. Bb2 d6 3. g3 f5 4. Bg2 Nf6 5. c4 g6 6. e3 Bg7 7. Ne2 O-O 8. O-O Nc6
9. d4 e4 10. a3 d5 11. cxd5 Nxd5 12. Nbc3 Nce7 13. Rc1 Be6 14. Nxd5 Nxd5 15. Nc3
Nb6 16. a4 a5 17. Ba3 Rf7 18. Qc2 Bf8 19. Bxf8 Qxf8 20. Rfd1 c6 21. Bf1 Qa3 1/2-1/2

[Event "11th Vellmar Open 2019"]
[Site "Vellmar GER"]
[Date "2019.07.05"]
[Round "3.2"]
[White "Engel,Robert"]
[Black "Keller,Pe GER"]
[Result "0-1"]
[BlackTitle "FM"]
[WhiteElo "2054"]
[BlackElo "2279"]
[WhiteFideId "12974684"]
[BlackFideId "1272105"]
[EventDate "2019.07.04"]

1. e4 e5 2. Nf3 Nc6 3. Nc3 Nf6 4. Be2 d5 5. exd5 Nxd5 6. O-O Nxc3 7. bxc3 Bd6 8.
Re1 O-O 9. d4 h6 10. Bd3 Qf6 11. Rb1 Rb8 12. Be4 Bg4 13. h3 Bxf3 14. Bxf3 exd4
15. Bxc6 bxc6 16. Rxb8 Rxb8 17. cxd4 Qf5 18. c3 Rb1 19. Qe2 Qe6 20. Kf1 Qxe2+
21. Kxe2 Ra1 22. Kd3 Kh7 23. Bd2 Rxa2 24. Rb1 c5 25. Be3 cxd4 26. Kxd4 f5 27.
Kd5 f4 28. Bd4 Ra5+ 29. Kc6 Ra6+ 30. Kb7 Ra2 31. Kc6 Rc2 32. Rb7 a5 33. Kd5 Rd2
34. Ke4 a4 35. c4 a3 36. c5 a2 37. Ra7 Be7 38. Ba1 Bxc5 39. Rxc7 Bd4 40. Rd7
Re2+ 41. Kd3 Bxa1 42. Kxe2 Be5 43. Ra7 a1=Q 44. Rxa1 Bxa1 45. Kf3 Be5 46. g3 g5 0-1

[Event "11th Vellmar Open 2019"]
[Site "Vellmar GER"]
[Date "2019.07.05"]
[Round "3.3"]
[White "Dorst,J"]
[Black "Rempel,P"]
[Result "1/2-1/2"]
[WhiteTitle "FM"]
[WhiteElo "2234"]
[BlackElo "2119"]
[WhiteFideId "4650433"]
[BlackFideId "4657632"]
[EventDate "2019.07.04"]

1. e4 e5 2. Nf3 d6 3. d4 exd4 4. Nxd4 Nf6 5. Nc3 Be7 6. Bc4 O-O 7. O-O Nbd7 8.
Nf5 Nc5 9. Nxe7+ Qxe7 10. f3 c6 11. b4 Ne6 12. a3 a5 13. Be3 axb4 14. axb4 Rxa1
15. Qxa1 d5 16. exd5 cxd5 17. Nxd5 Nxd5 18. Bxd5 Qxb4 19. Rb1 Qe7 20. Qa7 Qc7
21. Be4 Qc3 22. Bf2 Ng5 23. Bd3 Ne6 24. Qe3 Qf6 25. Qe4 g6 26. Bh4 Qc3 27. Be1
Qf6 28. Bh4 Qc3 29. Qb4 Qxb4 30. Rxb4 g5 31. Bg3 Rd8 32. h4 h6 33. Rb6 Rd5 34.
Be4 Rc5 35. Bf2 Rc7 36. Rb5 Kg7 37. Bd3 f6 38. Be4 Nf4 39. Kh2 Ne2 40. Rb4 f5
41. Bd3 Nf4 42. Bd4+ Kf7 43. Bc4+ Be6 44. Bxe6+ Nxe6 45. Be5 Rd7 46. c3 Nd8 47.
Rb6 Nc6 48. Bh8 Kg6 49. Bd4 Kh5 50. hxg5 hxg5 51. Bc5 f4 52. Rb2 g4 53. fxg4+
Kxg4 54. Bf8 f3 55. Rf2 1/2-1/2

[Event "11th Vellmar Open 2019"]
[Site "Vellmar GER"]
[Date "2019.07.05"]
[Round "3.4"]
[White "Heinelt,M"]
[Black "Schulze,Lara"]
[Result "0-1"]
[BlackTitle "WFM"]
[WhiteElo "2101"]
[BlackElo "2253"]
[WhiteFideId "4656695"]
[BlackFideId "12956830"]
[EventDate "2019.07.04"]

1. d4 Nf6 2. c4 e6 3. Nf3 c5 4. d5 exd5 5. cxd5 d6 6. Nc3 g6 7. e4 Bg7 8. Be2
O-O 9. O-O Bg4 10. Nd2 Bxe2 11. Qxe2 a6 12. a4 Nbd7 13. a5 Qe7 14. Nc4 Ne5 15.
Bf4 Nfd7 16. Ne3 Rae8 17. Ra3 f5 18. exf5 gxf5 19. Qh5 Qf7 20. Qxf7+ Rxf7 21.
Rb3 Nf8 22. Rb6 Nfg6 23. Ne2 Nd3 24. g3 Ngxf4 25. Nxf4 Nxf4 26. gxf4 Re4 27.
Rxd6 Bxb2 28. Kg2 Rxf4 29. Rd8+ Kg7 30. Rg1 h6 31. Kf1+ Kh7 32. Ke2 Bd4 33. d6
Re4 34. Kd3 Bf6 35. Nxf5 Rf4 36. Ne7 Bxe7 37. dxe7 Rxe7 38. Rc8 Rf3+ 39. Kc4
Rxf2 40. Rgg8 Rxh2 41. Rh8+ Kg6 42. Rhg8+ Kf6 43. Rcf8+ Rf7 44. Kxc5 Rh5+ 45.
Kd6 Rxa5 46. Re8 Rg5 47. Re6+ Kf5 48. Rh8 Rg6 0-1

[Event "11th Vellmar Open 2019"]
[Site "Vellmar GER"]
[Date "2019.07.05"]
[Round "3.5"]
[White "Gerlach,Felix Tobias"]
[Black "Cherny,A"]
[Result "0-1"]
[WhiteElo "2097"]
[BlackElo "2188"]
[WhiteFideId "12957690"]
[BlackFideId "4688473"]
[EventDate "2019.07.04"]

1. e4 c5 2. Nf3 d6 3. d4 cxd4 4. Nxd4 Nf6 5. Nc3 a6 6. Be3 e5 7. Nb3 Be6 8. f3
Nbd7 9. g4 Be7 10. Qd2 O-O 11. O-O-O b5 12. g5 Nh5 13. Nd5 Bxd5 14. exd5 f6 15.
gxf6 Rxf6 16. Na5 Nf4 17. Nc6 Qe8 18. Rg1 Bd8 19. c4 bxc4 20. Bxc4 Bb6 21. Kb1
Qh5 22. Bxb6 Nxb6 23. Bb3 Nd7 24. Qa5 Ne2 25. Rge1 Qxf3 26. Qc7 Nc5 27. Bc2 Qf2
28. Ne7+ Kh8 29. Nc8 Nd4 30. Rxd4 exd4 31. Rd1 d3 32. Bb3 Nxb3 0-1

[Event "11th Vellmar Open 2019"]
[Site "Vellmar GER"]
[Date "2019.07.05"]
[Round "3.6"]
[White "Colbow,Collin"]
[Black "Braun,I"]
[Result "1-0"]
[WhiteElo "2167"]
[BlackElo "2050"]
[WhiteFideId "16201132"]
[BlackFideId "24657816"]
[EventDate "2019.07.04"]

1. e4 c5 2. Nf3 e6 3. d4 cxd4 4. Nxd4 a6 5. Nc3 Qc7 6. Bd3 Nf6 7. f4 d6 8. Qf3
Nbd7 9. g4 Nc5 10. g5 Nxd3+ 11. cxd3 Nd7 12. Be3 b5 13. Rc1 Nc5 14. O-O b4 15.
Nce2 Bb7 16. Nb3 Qd8 17. Bxc5 dxc5 18. Nxc5 Bxc5+ 19. Rxc5 O-O 20. Rfc1 f5 21.
Qe3 fxe4 22. dxe4 Rc8 23. Rxc8 Bxc8 24. Qd4 Qa5 25. Rc5 Qb6 26. h4 Bb7 27. Rc4
Qxd4+ 28. Rxd4 a5 29. e5 Bd5 30. b3 g6 31. Kf2 Rc8 32. Ke3 Kg7 33. Rd1 Rc2 34.
Rd2 Rc7 35. h5 a4 36. h6+ Kg8 37. bxa4 Ra7 38. f5 gxf5 39. Nf4 Rxa4 40. Nxd5
exd5 41. Rxd5 Kf7 42. Rd7+ Ke6 43. Rxh7 f4+ 44. Kd3 Rxa2 45. g6 Rg2 46. Re7+
Kxe7 47. h7 Rh2 48. g7 Rxh7 49. g8=Q Rf7 50. Qg5+ Ke6 51. Qg6+ Ke7 52. Qd6+ Ke8
53. e6 Rg7 54. Qxb4 Rg6 55. Qd6 Rg7 56. Qxf4 Ke7 57. Qc7+ Kf6 58. Qc3+ Kg6 59.
Qe5 Re7 60. Kd4 Re8 61. Kd5 Ra8 62. Kc6 Rc8+ 63. Kd7 1-0

[Event "11th Vellmar Open 2019"]
[Site "Vellmar GER"]
[Date "2019.07.05"]
[Round "3.7"]
[White "Henrich,T"]
[Black "Yaghy,Ritta."]
[Result "1/2-1/2"]
[WhiteTitle "FM"]
[WhiteElo "2139"]
[BlackElo "1912"]
[WhiteFideId "4640993"]
[BlackFideId "7603266"]
[EventDate "2019.07.04"]

1. e4 c5 2. Nf3 d6 3. d4 cxd4 4. Nxd4 Nf6 5. Nc3 a6 6. Be3 e5 7. Nb3 Be6 8. f3
Be7 9. Qd2 Nbd7 10. O-O-O O-O 11. g4 b5 12. g5 b4 13. Ne2 Ne8 14. f4 a5 15. f5
a4 16. Nbd4 exd4 17. Nxd4 b3 18. Kb1 bxc2+ 19. Nxc2 Bb3 20. axb3 axb3 21. Na3
Ne5 22. h4 Ra4 23. Bd4 Qa8 24. Bg2 1/2-1/2

[Event "11th Vellmar Open 2019"]
[Site "Vellmar GER"]
[Date "2019.07.05"]
[Round "3.8"]
[White "Knudsen,M"]
[Black "Hahn,Markus"]
[Result "0-1"]
[WhiteElo "2021"]
[BlackElo "2290"]
[WhiteFideId "1406523"]
[BlackFideId "24654647"]
[EventDate "2019.07.04"]

1. d4 e6 2. c4 Bb4+ 3. Bd2 Bxd2+ 4. Nxd2 d6 5. Ngf3 Qe7 6. e4 e5 7. dxe5 dxe5 8.
Qc2 c5 9. Nb1 Bg4 10. Nfd2 Nc6 11. Nc3 Nd4 12. Qd3 Rd8 13. Nd5 Qd6 14. f3 Be6
15. g3 Bxd5 16. exd5 f5 17. Bg2 Nf6 18. O-O O-O 19. Nb3 g6 20. Rfe1 Rfe8 21.
Nxd4 exd4 22. b4 cxb4 23. Qxd4 b6 24. Kf1 Nd7 25. f4 Kf7 26. Bf3 Qf6 27. Qd2 a5
28. g4 fxg4 29. Bxg4 Nc5 30. Kg2 Kg7 31. Rad1 Ne4 32. Qd4 Nc3 33. Qxf6+ Kxf6 34.
Rxe8 Rxe8 35. Rd2 Ne4 36. Rc2 Ke7 37. Kf3 Nc5 38. Re2+ Kd8 39. Re5 a4 40. Be6
Kc7 41. Ke3 b3 42. axb3 a3 43. Kd2 a2 44. Re1 Ra8 45. b4 Nxe6 0-1

[Event "11th Vellmar Open 2019"]
[Site "Vellmar GER"]
[Date "2019.07.05"]
[Round "3.9"]
[White "Kersten,U"]
[Black "Pfitzenreuter,G"]
[Result "0-1"]
[WhiteTitle "FM"]
[WhiteElo "2248"]
[BlackElo "2049"]
[WhiteFideId "4615646"]
[BlackFideId "4672380"]
[EventDate "2019.07.04"]

1. d4 d5 2. Bf4 Nf6 3. e3 e6 4. Nd2 c5 5. c3 Nc6 6. Ngf3 Bd6 7. Bg3 Qc7 8. dxc5
Bxg3 9. hxg3 e5 10. Bb5 Bd7 11. b4 O-O 12. Be2 Rfe8 13. a3 a5 14. O-O Nb8 15. c4
b6 16. cxb6 Qxb6 17. cxd5 e4 18. Nc4 Qa7 19. Nfe5 axb4 20. axb4 Qxa1 21. Qxa1
Rxa1 22. Rxa1 Nxd5 23. Nd6 Rxe5 24. Ra8 Kf8 25. Rxb8+ Ke7 26. Nc4 Rg5 27. Nd2
Nc3 28. Bf1 Rd5 29. Nb3 Rd1 30. Nd4 Kd6 31. Rb7 Nb1 32. Nb3 Be6 33. Nc5 Nd2 34.
Rb8 Rxf1+ 35. Kh2 Rxf2 36. g4 Kc7 37. Rf8 Rf6 38. g5 Rg6 39. b5 Rxg5 40. Na6+
Kb7 41. Rb8+ Ka7 42. Rd8 Rxb5 43. Nc7 Rh5+ 44. Kg1 Nc4 45. Rd4 Rc5 46. Ne8 g6
47. Nf6 Nxe3 48. Rxe4 Rc1+ 49. Kf2 Rf1+ 50. Kxe3 Rxf6 0-1

[Event "11th Vellmar Open 2019"]
[Site "Vellmar GER"]
[Date "2019.07.05"]
[Round "3.10"]
[White "Meyner,H"]
[Black "Toepfer,Albrecht"]
[Result "0-1"]
[WhiteElo "2213"]
[BlackElo "2043"]
[WhiteFideId "4664205"]
[BlackFideId "12924067"]
[EventDate "2019.07.04"]

1. d4 Nf6 2. Bf4 g6 3. Nc3 Bg7 4. e4 d6 5. Qd2 h5 6. O-O-O c6 7. Nf3 b5 8. Ng5
Qa5 9. Kb1 Nbd7 10. e5 dxe5 11. dxe5 Ng4 12. e6 Nde5 13. exf7+ Nxf7 14. Nxb5
Qxd2 15. Nc7+ Kf8 16. Rxd2 Nxg5 17. Nxa8 Ne6 18. Bc4 Bf6 19. Bxe6 Bxe6 20. h3 g5
21. Nc7 Bf7 22. hxg4 gxf4 23. gxh5 Kg7 24. Re2 Bxh5 25. Ree1 e5 26. Ne6+ Kg6 27.
Nc5 f3 28. g3 Rd8 29. Ne4 Be7 30. Rd1 Rd5 31. c4 Rxd1+ 32. Rxd1 Kf5 33. Nc3 Bc5
34. Rh1 Bf7 35. b3 Bxf2 36. Rf1 Bxg3 37. Rxf3+ Bf4 38. Ne2 Ke4 39. Rf1 Ke3 40.
Nxf4 exf4 41. Kc1 f3 42. Re1+ Kf4 43. Re7 Bh5 44. Re6 f2 45. Kd2 Kg3 0-1

[Event "11th Vellmar Open 2019"]
[Site "Vellmar GER"]
[Date "2019.07.05"]
[Round "3.11"]
[White "Simukov,Erik"]
[Black "Ziegenfuss,Antonia"]
[Result "0-1"]
[BlackTitle "WFM"]
[WhiteElo "1893"]
[BlackElo "2063"]
[WhiteFideId "12995380"]
[BlackFideId "12962554"]
[EventDate "2019.07.04"]

1. e4 c5 2. Nf3 Nf6 3. Nc3 d5 4. exd5 Nxd5 5. Bb5+ Bd7 6. Ne5 Nf6 7. Qf3 Qc8 8.
Nxd7 Nbxd7 9. d3 e6 10. Bf4 a6 11. Bc4 b5 12. Bb3 Be7 13. a4 b4 14. Ne4 Nxe4 15.
Qxe4 O-O 16. O-O Bf6 17. Rab1 Rd8 18. a5 Nf8 19. Be5 Bxe5 20. Qxe5 Ng6 21. Qg3
Ne7 22. c3 Nf5 23. Qf3 Qc7 24. Ra1 bxc3 25. bxc3 Nd6 26. Qf4 Qe7 27. Qe5 Rab8
28. Rfb1 Qa7 29. h3 Rb5 30. Bc4 Nxc4 31. dxc4 Qb8 32. Qxb8 Rbxb8 33. Rxb8 Rxb8
34. Rd1 Kf8 35. Rd7 Rb3 36. Rc7 Rxc3 37. Rxc5 Rc1+ 38. Kh2 Ra1 39. Kg3 Ke7 40.
Kf4 0-1

[Event "11th Vellmar Open 2019"]
[Site "Vellmar GER"]
[Date "2019.07.05"]
[Round "3.12"]
[White "Weiss,J"]
[Black "Krueger,N"]
[Result "1/2-1/2"]
[WhiteElo "2097"]
[BlackElo "1958"]
[WhiteFideId "24677663"]
[BlackFideId "4633245"]
[EventDate "2019.07.04"]

1. d4 d5 2. c4 Nc6 3. Nc3 dxc4 4. d5 Ne5 5. f4 Nd7 6. e4 Nb6 7. Be3 e6 8. Bxc4
Nxc4 9. Qa4+ Bd7 10. Qxc4 exd5 11. exd5 a6 12. Nf3 Nf6 13. O-O Bd6 14. Bc5 O-O
15. Rae1 Bb5 16. Nxb5 axb5 17. Qxb5 Bxc5+ 18. Qxc5 Rxa2 19. Rc1 Qxd5 20. Qxc7
Rxb2 21. Rc2 Rxc2 22. Qxc2 Rd8 23. Rb1 b5 24. Rb4 h6 25. h3 Ra8 26. Rd4 Qe6 27.
Qc5 Rb8 28. Ne5 Qb6 29. Qxb6 Rxb6 30. Rd8+ Kh7 31. Nxf7 Kg6 32. Ne5+ Kf5 33. Rd4
b4 34. g4+ Ke6 35. Nd3 b3 36. f5+ Ke7 37. Nb2 Rb5 38. Rd3 Nd5 39. Kf2 Kd6 40.
Kf3 Rb4 41. Kg3 Kc5 42. Kh4 Rb5 43. Kg3 Kb4 44. h4 Rc5 45. Kf3 Rc3 46. g5 Rxd3+
47. Nxd3+ Kc4 48. Ke4 Nc3+ 49. Ke3 hxg5 50. hxg5 Kd5 51. f6 gxf6 52. gxf6 1/2-1/2

[Event "11th Vellmar Open 2019"]
[Site "Vellmar GER"]
[Date "2019.07.05"]
[Round "3.13"]
[White "Zahn,R"]
[Black "Hilgert,V"]
[Result "1-0"]
[WhiteElo "2051"]
[BlackElo "1870"]
[WhiteFideId "4681690"]
[BlackFideId "24628484"]
[EventDate "2019.07.04"]

1. f4 e5 2. fxe5 d6 3. exd6 Bxd6 4. Nf3 Bg4 5. g3 h5 6. Bg2 h4 7. d4 hxg3 8. h3
Bh5 9. Qd3 c6 10. c3 Nd7 11. Nbd2 Qc7 12. Nc4 f6 13. Nxd6+ Qxd6 14. Qe4+ Qe7 15.
Qxe7+ Nxe7 16. Bf4 Nf5 17. O-O g5 18. Bd2 Nh4 19. Nxh4 gxh4 20. Rf4 Bf7 21. b3
O-O-O 22. e4 Bg6 23. Raf1 Rde8 24. c4 c5 25. d5 b6 26. Bc3 Kd8 27. Rg4 1-0

[Event "11th Vellmar Open 2019"]
[Site "Vellmar GER"]
[Date "2019.07.05"]
[Round "3.14"]
[White "Maar,Samuel"]
[Black "Schmid,Anton"]
[Result "1/2-1/2"]
[WhiteElo "1998"]
[BlackElo "1738"]
[WhiteFideId "12952591"]
[BlackFideId "12910783"]
[EventDate "2019.07.04"]

1. e4 e5 2. Nf3 Nc6 3. Bc4 Bc5 4. c3 Nf6 5. d3 a6 6. O-O Ba7 7. Bb3 O-O 8. h3 d5
9. exd5 Nxd5 10. Re1 Qd6 11. Ng5 Nf6 12. Qf3 h6 13. Ne4 Nxe4 14. Qxe4 Be6 15.
Bxe6 Qxe6 16. Be3 Bxe3 17. Qxe3 Rad8 18. Na3 Rd5 19. Rad1 Rfd8 20. Re2 Qf5 21.
Red2 Kh7 22. Nc2 Qf6 23. Qe2 Qf4 24. g3 Qg5 25. Ne3 R5d7 26. Nc4 b5 27. Ne3 h5
28. Ng2 g6 29. Qe4 Qf6 30. Nh4 Qe6 31. Nf3 Qd5 32. Qe3 Re7 33. b3 Kg7 34. Kg2
Qd7 35. Qc5 Qd5 36. Qe3 Qd7 1/2-1/2

[Event "11th Vellmar Open 2019"]
[Site "Vellmar GER"]
[Date "2019.07.05"]
[Round "3.15"]
[White "Bergauz,Avigdor"]
[Black "Krause,Ma2"]
[Result "1/2-1/2"]
[WhiteElo "2225"]
[BlackElo "1951"]
[WhiteFideId "12943770"]
[BlackFideId "24615889"]
[EventDate "2019.07.04"]

1. c4 e6 2. g3 Nf6 3. Bg2 Be7 4. Nf3 d5 5. O-O O-O 6. d4 a6 7. Nc3 c6 8. Qd3 b5
9. b3 b4 10. Na4 Nbd7 11. a3 a5 12. axb4 Bxb4 13. Bd2 Qe7 14. Ra2 Bb7 15. Rfa1
c5 16. dxc5 Nxc5 17. Bxb4 axb4 18. Nxc5 Qxc5 19. Qd4 Ne4 20. Qxc5 Nxc5 21. Nd2
Rxa2 22. Rxa2 dxc4 23. bxc4 Bxg2 24. Kxg2 g6 25. Ra5 Rc8 26. Rb5 b3 27. Kf3 e5
28. g4 f6 29. Rb4 Kf7 30. Ne4 Nxe4 31. Kxe4 b2 32. Rb7+ Ke6 33. Rb6+ Ke7 34. Kd3
Rd8+ 35. Kc3 h5 36. gxh5 gxh5 37. Rxb2 Rd4 38. e3 Rh4 39. f3 Rh3 40. Rf2 Kd6 41.
Kb4 Kc6 42. c5 Rh4+ 43. f4 exf4 44. Rxf4 Rxh2 45. Rxf6+ Kc7 46. Rf7+ Kc6 47.
Rf6+ Kc7 48. Rf7+ Kc6 49. Rf6+ Kc7 1/2-1/2

[Event "11th Vellmar Open 2019"]
[Site "Vellmar GER"]
[Date "2019.07.05"]
[Round "3.16"]
[White "Wiegand,C"]
[Black "Frohberg,M"]
[Result "1/2-1/2"]
[WhiteElo "1975"]
[BlackElo "2227"]
[WhiteFideId "4675231"]
[BlackFideId "4639308"]
[EventDate "2019.07.04"]

1. e4 Nf6 2. e5 Nd5 3. d4 d6 4. c4 Nb6 5. exd6 cxd6 6. Nc3 g6 7. Be3 Bg7 8. Rc1
Nc6 9. b3 O-O 10. d5 Nb8 11. Be2 N8d7 12. Nf3 Nf6 13. Nd4 Bd7 14. O-O Nc8 15. f4 1/2-1/2

[Event "11th Vellmar Open 2019"]
[Site "Vellmar GER"]
[Date "2019.07.05"]
[Round "3.17"]
[White "Nilsson,Anders1"]
[Black "Lehmann,Tim"]
[Result "1-0"]
[WhiteTitle "CM"]
[WhiteElo "2225"]
[BlackElo "1967"]
[WhiteFideId "1705423"]
[BlackFideId "12979171"]
[EventDate "2019.07.04"]

1. d4 Nf6 2. c4 g6 3. Nc3 Bg7 4. e4 d6 5. Nge2 O-O 6. Ng3 c5 7. d5 e6 8. Be2
exd5 9. exd5 Re8 10. O-O Na6 11. Bf4 Nc7 12. Qd2 h5 13. Bg5 Qd7 14. f4 Nh7 15.
f5 Nxg5 16. Qxg5 Bd4+ 17. Kh1 Be3 18. Qf6 Bd4 19. Qg5 Be3 20. Qh4 Qe7 21. Qxe7
Rxe7 22. fxg6 fxg6 23. Bd3 Kg7 24. Rae1 Bd7 25. Nge4 Bd4 26. Nxd6 Be5 27. Nxb7
Na6 28. d6 Ree8 29. Ne4 Rac8 30. Ng5 Bf6 31. h4 Rb8 32. Be4 Bxg5 33. hxg5 Rxe4
34. Rxe4 Rxb7 35. Re7+ Kg8 36. Rff7 Nb8 37. b3 a5 38. Rg7+ Kh8 39. Rxg6 Nc6 40.
Rf7 Ne5 41. Rh6+ Kg8 42. Re7 Ng4 43. Rhh7 Ne5 44. g6 1-0

[Event "11th Vellmar Open 2019"]
[Site "Vellmar GER"]
[Date "2019.07.05"]
[Round "3.18"]
[White "Wiley,To"]
[Black "Powalla,K"]
[Result "1-0"]
[WhiteTitle "FM"]
[WhiteElo "2162"]
[BlackElo "1944"]
[WhiteFideId "401765"]
[BlackFideId "24650668"]
[EventDate "2019.07.04"]

1. d4 Nf6 2. c4 e6 3. Nc3 c5 4. d5 d6 5. Nf3 a6 6. e4 exd5 7. exd5 Bf5 8. h3 Be7
9. Bd3 Bg6 10. O-O O-O 11. Re1 Nbd7 12. Bf1 h6 13. a4 Re8 14. a5 Bf8 15. Rxe8
Qxe8 16. Qb3 Rb8 17. Bf4 Qd8 18. Qa3 Ne4 19. Nxe4 Bxe4 20. Nd2 Bg6 21. Bg3 Nf6
22. b4 b6 23. axb6 Rxb6 24. bxc5 dxc5 25. Qc3 Bd6 26. Bxd6 Qxd6 27. Ra5 Ne4 28.
Nxe4 Bxe4 29. Qe3 Qg6 30. Ra1 Qf6 31. Re1 1-0